00422nam a2200157Ia 4500001000500000005001700005008004100022041000800063082001600071100002600087245009800113260000900211300002800220650000800248654000800256961620260306161731.0260306t2005||||xx |||||||||||||| ||spa|| aESP a382.71bM86 aMorón, EduardoeAUT 0aTratado de libre comercio con los Estados Unidos:bUna oportunidad para crecer sostenidamente c2005 a000 páginas :c00 cm. aGEN aCAN